000 01196cam a2200253 a 4500
001 15661808
005 20100430112052.0
008 090316s2010 maua b 001 0 eng
010 _a 2009011332
020 _a9780137017447 (0137017448 : alk. paper)
040 _aDLC
_cDLC
_dDLC
050 0 0 _aLB1050.5
_b.S327 2010
100 1 _aSchirmer, Barbara R.
245 1 0 _aTeaching the struggling reader /
_cBarbara R. Schirmer.
260 _aBoston :
_bPearson,
_cc2010.
300 _ax, 205 p. :
_bill. ;
_c24 cm.
504 _aIncludes bibliographical references and index.
650 0 _aReading
_xRemedial teaching.
906 _a7
_bcbc
_corignew
_d1
_eecip
_f20
_gy-gencatlg
942 _2lcc
_cBK
999 _c39448
_d39448